Statistiken für Alle Achterbahnen im Hansa-Park

Klicken Sie hier um das Quiz zu spielen!

Allgemein

  • Dieses Quiz wurde 19 mal gespielt
  • Das Durchschnittsergebnis liegt bei 4 aus 7

Antwortstatistiken

Antwort% Korrekt
Crazy Mine
82%
Flucht von Novgorod
76%
Nessie
71%
Schwur des Kärnan
59%
Royal Scotsman
53%
Schlange von Midgard
47%
Kleine Zar
41%

Verteilung der Resultate

Perzentil nach korrekt beantworteten Fragen

Anzahl Personen mit jedem Resultat

Ihre Resultats-Entwicklung

Sie haben dieses Quiz noch nicht gespielt